Mesh Sorting and Selection Optimal on the Average

Bibliographic Details
Main Author: Chlebus, Bogdan S. (Author)
Format: Article
Language:Slovak
PhysicalDescription:Obr. 3, lit. 17 zázn. v angl.
ISSN:0232-0274
Subjects:

MARC

LEADER 00000nab a2200000 a 4500
001 vtls000637015
003 SK-MaSNL
005 20260304085748.0
008 250425c1997 xo 0 slo
015 |a SNBRB19rr/mm-uuuuu 
035 |a CL0637154 
035 |a urn:nbn:sk:snk-ab1pxn 
035 |a (urnnbn)urn:nbn:sk:snk:ar-004xn5 
035 |a (uuid)c20279f0-865b-4b7e-9d0f-ac394b6c11a1 
040 |a SNKBUCL  |b slo  |c SNKBUCL  |e AACR2 
041 0 |a slo 
044 |a xo  |c SK 
080 |a 519.683:681.3.01  |2 1981 
080 |a 681.3.01  |2 1981 
080 |a 519.878  |2 1981 
100 1 |a Chlebus, Bogdan S.  |4 aut  |9 1154090 
245 1 0 |a Mesh Sorting and Selection Optimal on the Average  |c Bogdan S. Chlebus 
300 |b Obr. 3, lit. 17 zázn. v angl. 
500 |a Životopisné údaje 
650 0 7 |a triedenie  |2 snkbucl  |9 634978 
650 0 7 |a výber (kyb.)  |2 snkbucl  |9 1379684 
650 0 7 |a algoritmy paralelné  |2 snkbucl  |9 970938 
655 7 |a články z novín a časopisov  |2 snkbucl  |9 267496 
773 0 |t Computers and artificial intelligence  |g Roč. 16, č. 2 (1997), s. 141-152  |x 0232-0274 
850 |a Slovenská národná knižnica 
852 |a Slovenská národná knižnica 
954 |a odborná, vedecká literatúra pôvodná (slovenská)  |2 lita 
958 |a article27 
958 |a PL 
958 |a NB 
958 |a RK 
958 |a OND 
958 |a EUIPO 
992 |a RBX 
999 |c 2809213  |d 2811143